[Event "Match"]
[Site "www.echecsemail.com"]
[Date "2017.03.09"]
[Round "1"]
[White "Chapi"]
[Black "Darknight"]
[WhiteElo "2040"]
[BlackElo "1730"]
[Result "1-0"]
[Round "1"]
1.d4 d5
2.c4 e6
3.Nb1c3 Nb8c6
4.Ng1f3 f6
5.Bc1f4 a6
6.cxd5 exd5
7.g3 Bc8f5
8.Bf1g2 Bf5e4
9.O-O g5
10.Bf4e3 g4
11.Nf3d2 f5
12.Nd2b3 b6
13.f3 f4
14.Be3xf4 Be4f5
15.e4 Bf5e6
16.fxg4 Ng8f6
17.h3 dxe4
18.Nc3xe4 Nf6xe4
19.Bg2xe4 Be6d5
20.Qd1f3 Bd5xe4
21.Qf3xe4 Nc6e7
22.Ra1e1 h6
23.Bf4xc7 Qd8c8
24.Qe4c6 { resign }
1-0

[Event "Match"]
[Site "www.echecsemail.com"]
[Date "2017.03.09"]
[Round "1"]
[White "Ranjachess"]
[Black "Rindrandria"]
[WhiteElo "1750"]
[BlackElo "1670"]
[Result "1-0"]
[Round "1"]
1.d4 e5
2.dxe5 d6
3.Ng1f3 Bc8g4
4.Nf3d4 c5
5.Nd4b5 Qd8a5
6.Nb5c3 dxe5
7.h3 Bg4d7
8.Bc1d2 Qa5d8
9.e4 f5
10.Bf1d3 f4
11.Nc3d5 Bd7f5
12.Bd2c3 c4
13.Bd3xc4 Bf8d6
14.exf5 Nb8c6
15.Bc4b5 Ng8e7
16.O-O O-O
17.Bb5c4 Ne7xf5
18.Nd5xf4 Kh8
19.Nf4e6 Qd8h4
20.Ne6xf8 Qh4xc4
21.Nf8xh7 Kxh7
22.Qd1h5 Nf5h6
23.Nb1d2 Qc4b5
24.Nd2f3 Kg8
25.Ra1d1 Qb5c5
26.Rd1d3 e4
27.Qh5xc5 Bd6xc5
28.Rd3d5 b6
29.Nf3g5 e3
30.fxe3 Bc5xe3
31.Kh1 Be3xg5
32.Rd5xg5 Nh6f7
33.Rg5xg7 Kf8
34.Rf1xf7 Ke8
35.Rf7f6 Nc6d8
36.Bc3b4 Nd8c6
37.Rf6f8 
1-0

[Event "Match"]
[Site "www.echecsemail.com"]
[Date "2017.03.09"]
[Round "1"]
[White "Hundegana"]
[Black "Ztornad"]
[WhiteElo "2060"]
[BlackElo "1720"]
[Result "1-0"]
[Round "1"]
1.e4 e5
2.g3 b6
3.Bf1g2 Bc8b7
4.d3 Ng8f6
5.h3 Nb8c6
6.c3 h6
7.Ng1f3 Bf8d6
8.Nb1d2 Bb7a6
9.Nd2c4 Bd6f8
10.Nc4xe5 Nc6xe5
11.Nf3xe5 Bf8d6
12.Ne5f3 Bd6e7
13.O-O O-O
14.b4 b5
15.Rf1e1 c5
16.a3 Ba6b7
17.e5 Nf6d5
18.Qd1c2 Ra8b8
19.c4 Nd5c7
20.cxb5  { time }
1-0

[Event "1/64 Finale"]
[Site "www.chess-mail.com"]
[Date "2017.03.09"]
[Round "1"]
[White "Picifarkinca"]
[Black "Ilusion"]
[WhiteElo "1630"]
[BlackElo "2210"]
[Result "0-1"]
[Round "1"]
1.Ng1f3 d5
2.c4 e6
3.e3 Ng8f6
4.d4 Bf8e7
5.Nb1c3 O-O
6.cxd5 exd5
7.Bf1d3 Bc8g4
8.Qd1b3 b6
9.Nf3e5 Bg4e6
10.Bc1d2 c5
11.dxc5 bxc5
12.Qb3b7 Nb8d7
13.Ne5xd7 Qd8xd7
14.Qb7xd7 Nf6xd7
15.O-O Nd7e5
16.Bd3e2 Be7f6
17.Rf1c1 Ra8b8
18.Nc3d1 Rf8c8
19.Bd2c3 h6
20.f4 Ne5d7
21.Be2d3 g6
22.Bc3xf6 Nd7xf6
23.b3 a5
24.Nd1f2 Rb8a8
25.h3 a4
26.g4 axb3
27.axb3 Ra8b8
28.Rc1b1 Rb8b4
29.Kh2 Rc8b8
30.Bd3c2 Nf6e8
31.Nf2d3 Rb4b5
32.Kg3 Ne8d6
33.Nd3f2 d4
34.exd4 cxd4
35.Ra1a6 Nd6c8
36.Ra6a3 Nc8b6
37.Bc2d3 Rb5b4
38.Bd3e4 Nb6d7
39.Nf2d3 Rb4xb3
40.Ra3xb3 Rb8xb3
41.Rb1xb3 Be6xb3
42.Nd3c1 Bb3c4
43.Be4d3 Bc4d5
44.Kf2 Nd7c5
45.Ke2 Kf8
46.h4 Ke7
47.Kd2 Kd6
{ resign }
0-1

[Event "1/16 Finale"]
[Site "www.chess-mail.com"]
[Date "2017.03.09"]
[Round "1"]
[White "Ingauno64"]
[Black "Asoka"]
[WhiteElo "2669"]
[BlackElo "2710"]
[Result "0-1"]
[Round "1"]
1.Ng1f3 d5
2.d4 Ng8f6
3.c4 e6
4.g3 Bf8b4
5.Bc1d2 Bb4e7
6.Bf1g2 O-O
7.O-O c6
8.Qd1c2 b6
9.Rf1d1 Nb8d7
10.b3 Bc8a6
11.a4 Qd8c8
12.a5 h6
13.Bd2e1 Rf8d8
14.e3 c5
15.Nb1a3 dxc4
16.Na3xc4 Ba6b7
17.axb6 axb6
18.dxc5 Ra8xa1
19.Rd1xa1 Qc8xc5
20.b4 Qc5c8
21.Nf3d4 Bb7xg2
22.Kxg2 Qc8b7
23.f3 Rd8c8
24.Qc2d3 Nf6d5
25.b5 Rc8xc4
{ resign }
0-1

[Event "Tourn. n9221"]
[Site "www.chess-mail.com"]
[Date "2017.03.10"]
[Round "1"]
[White "Pariolinius"]
[Black "Mitja"]
[WhiteElo "2060"]
[BlackElo "1920"]
[Result "0-1"]
[Round "1"]
1.d4 d5
2.Ng1f3 e6
3.Bc1g5 Bf8e7
4.Bg5f4 c6
5.e3 Ng8f6
6.Nb1d2 Nb8d7
7.Bf1d3 Nd7b6
8.O-O Nf6h5
9.Bf4e5 f6
10.Be5g3 Nh5xg3
11.hxg3 Nb6d7
12.c3 b6
13.Qd1c2 Nd7f8
14.Qc2a4 Bc8b7
15.Qa4d1 Nf8g6
16.Nf3h4 Ng6xh4
17.gxh4 Be7d6
18.Qd1g4 Qd8e7
19.c4 dxc4
20.Nd2xc4 Bd6c7
21.Qg4h5 Qe7f7
22.Qh5e2 O-O-O
23.a4 g5
24.h5 f5
25.Nc4e5 Bc7xe5
26.dxe5 Qf7g7
27.f4 gxf4
28.exf4 Rh8g8
29.Rf1f2 h6
30.Bd3c4 Qg7f7
31.Bc4a6 Rg8g4
32.Ba6xb7 Kxb7
33.Kh1 Qf7xh5
34.Kg1 Rd8g8
35.Qe2f3 Qh5e8
36.Ra1d1 h5
37.Rd1d6 Rg8g7
38.b4 Rg4g3
39.Qf3e2 h4
40.Qe2d2 h3
41.b5 Rg3xg2
42.Rf2xg2 Rg7xg2
{ resign }
0-1

[Event "Tourn. n9177"]
[Site "www.chess-mail.com"]
[Date "2017.03.10"]
[Round "1"]
[White "Falcoale"]
[Black "Forest"]
[WhiteElo "1880"]
[BlackElo "1850"]
[Result "1-0"]
[Round "1"]
1.e4 e5
2.Ng1f3 d6
3.Bf1c4 Bf8e7
4.O-O Ng8f6
5.d3 O-O
6.a3 Bc8g4
7.h3 Bg4xf3
8.Qd1xf3 Nb8c6
9.c3 a6
10.Qf3d1 Qd8d7
11.b4 d5
12.exd5 Nf6xd5
13.Bc1b2 Be7f6
14.Nb1d2 Nd5f4
15.Nd2e4 Bf6e7
16.Bb2c1 b5
17.Bc4a2 Kh8
18.Bc1xf4 exf4
19.Qd1f3 Nc6e5
20.Qf3xf4 Ne5g6
21.Qf4e3 Be7d6
22.Ne4xd6 Qd7xd6
23.d4 Ra8e8
{ time. }
1-0

[Event "Tourn. n9219"]
[Site "www.chess-mail.com"]
[Date "2017.03.10"]
[Round "1"]
[White "Jazzy"]
[Black "Mdesouza"]
[WhiteElo "2340"]
[BlackElo "2310"]
[Result "1/2-1/2"]
[Round "1"]
1.e4 c5
2.Ng1f3 d6
3.d4 cxd4
4.Nf3xd4 Ng8f6
5.Nb1c3 a6
6.f3 e5
7.Nd4b3 Bc8e6
8.Bc1e3 Bf8e7
9.Bf1d3 Nb8c6
10.O-O O-O
11.Nc3d5 Be6xd5
12.exd5 Nc6b4
13.Bd3e4 a5
14.c3 Nb4a6
15.Qd1c2 Ra8c8
16.a3 { draw }
1/2-1/2

[Event "Tourn. n9234"]
[Site "www.chess-mail.com"]
[Date "2017.03.10"]
[Round "1"]
[White "Sachpat"]
[Black "Comrade"]
[WhiteElo "2640"]
[BlackElo "2280"]
[Result "1-0"]
[Round "1"]
1.e4 c5
2.Ng1f3 Nb8c6
3.d4 cxd4
4.Nf3xd4 e6
5.Nb1c3 Ng8f6
6.Nd4xc6 bxc6
7.e5 Nf6d5
8.Nc3e4 Bf8e7
9.c4 Nd5b6
10.Ne4d6 Be7xd6
11.Qd1xd6 Qd8e7
12.Qd6xe7 Kxe7
13.Bc1e3 d5
14.exd6 Kxd6
15.c5 Ke7
16.cxb6 axb6
17.Be3xb6 f6
18.a4 e5
19.Bf1c4 Bc8e6
20.Bc4xe6 Kxe6
21.b4 { resign }
1-0

[Event "Tourn. n9177"]
[Site "www.chess-mail.com"]
[Date "2017.03.10"]
[Round "1"]
[White "Forest"]
[Black "Jackbauer"]
[WhiteElo "1870"]
[BlackElo "1960"]
[Result "0-1"]
[Round "1"]
1.e4 c5
2.Ng1f3 d6
3.Bf1b5 Bc8d7
4.Bb5xd7 Nb8xd7
5.Nb1c3 Ng8f6
6.O-O e5
7.d3 Bf8e7
8.Rf1e1 h6
9.h3 O-O
10.Bc1e3 b6
11.Qd1d2 Nf6h7
12.Nc3d5 Be7f6
13.c3 a6
14.Ra1c1 Ra8c8
15.a3 c4
16.d4 b5
17.Nd5xf6 Nh7xf6
18.dxe5 Nf6xe4
19.Qd2c2 d5
20.Be3d4 Ne4g5
21.Nf3xg5 Qd8xg5
22.Rc1d1 Rf8e8
23.Re1e2 Re8e6
24.Rd1e1 Rc8e8
25.Re2e3 Nd7f8
26.Re3g3 Qg5h4
27.Rg3g4 { time. }
0-1

[Event "Tourn. n9181"]
[Site "www.chess-mail.com"]
[Date "2017.03.10"]
[Round "1"]
[White "Forest"]
[Black "Llcervello"]
[WhiteElo "1880"]
[BlackElo "1600"]
[Result "0-1"]
[Round "1"]
1.d4 d5
2.Bc1f4 Nb8c6
3.e3 e6
4.Ng1f3 f6
5.Bf1b5 Bc8d7
6.Nb1d2 Nc6e7
7.Bb5xd7 Qd8xd7
8.O-O O-O-O
9.c4 g5
10.Bf4g3 h5
11.cxd5 Ne7xd5
12.h3 h4
13.Bg3h2 Bf8h6
14.Nd2e4 f5
15.Ne4c5 Qd7e7
16.Qd1b3 b6
17.Nc5d3 f4
18.e4 Nd5f6
19.e5 g4
20.hxg4 Nf6xg4
21.Ra1c1 Rd8d7
22.Qb3b5 Rd7d5
23.Qb5a6 Kb8
24.Rc1c3 h3
25.gxh3 { time. }
0-1

[Event "Tourn. n9210"]
[Site "www.chess-mail.com"]
[Date "2017.03.10"]
[Round "1"]
[White "Bojan"]
[Black "Osopanda"]
[WhiteElo "2050"]
[BlackElo "2040"]
[Result "1-0"]
[Round "1"]
1.e4 c5
2.Ng1f3 d6
3.d4 cxd4
4.Nf3xd4 Ng8f6
5.Bf1d3 a6
6.c3 e6
7.Bc1e3 Bf8e7
8.h3 O-O
9.f4 Qd8c7
10.Nd4f3 Nb8c6
11.Nb1d2 b5
12.g4 Rf8d8
13.Ra1c1 Bc8b7
14.g5 Nf6e8
15.h4 Ra8c8
16.Qd1e2 Qc7b8
17.Qe2f2 Ne8c7
18.Be3b6 Rd8d7
19.a3 e5
20.f5 d5
21.Qf2g3 dxe4
22.Bd3xe4 Nc7e8
23.O-O Ne8d6
24.Be4c2 e4
{ time. }
1-0

[Event "Tourn. n9268"]
[Site "www.chess-mail.com"]
[Date "2017.03.10"]
[Round "1"]
[White "Francesco"]
[Black "Luban"]
[WhiteElo "2020"]
[BlackElo "2180"]
[Result "1-0"]
[Round "1"]
1.e4 c5
2.Ng1f3 d6
3.d4 cxd4
4.Nf3xd4 Ng8f6
5.Nb1c3 a6
6.Bc1g5 e6
7.f4 Bf8e7
8.Qd1f3 Qd8c7
9.O-O-O Nb8c6
10.Nd4xc6 Qc7xc6
11.Bf1e2 Bc8d7
12.Rd1d2 b5
13.a3 Ra8c8
14.Rh1d1 d5
15.exd5 Nf6xd5
16.Nc3xd5 Be7xg5
17.fxg5 exd5
18.Qf3xd5 Qc6xd5
19.Rd2xd5 Bd7e6
20.Rd5d6 Be6b3
21.Be2d3 O-O
22.Rd6xa6 { resign }
1-0

[Event "Tourn. n9271"]
[Site "www.chess-mail.com"]
[Date "2017.03.10"]
[Round "1"]
[White "Panham"]
[Black "Luban"]
[WhiteElo "2120"]
[BlackElo "2180"]
[Result "1/2-1/2"]
[Round "1"]
1.e4 c5
2.d4 cxd4
3.c3 dxc3
4.Nb1xc3 e6
5.Ng1f3 Bf8b4
6.Bf1c4 h6
7.O-O Bb4xc3
8.bxc3 Qd8c7
9.Qd1e2 Ng8e7
10.Bc1a3 Nb8c6
11.Rf1d1 O-O
12.Ba3d6 Qc7d8
13.Nf3e5 Nc6xe5
14.Bd6xe5 Ne7c6
15.Be5d6 Rf8e8
16.e5 b6
17.Qe2e4 Bc8b7
18.Bc4d3 g6
19.Qe4g4 Kg7
20.Bd3c2 f5
21.exf6 Qd8xf6
22.Rd1d3 Qf6f5
23.Qg4e2 Bb7a6
24.Ra1d1 Ba6xd3
25.Bc2xd3 Qf5f7
26.Qe2g4 e5
27.Bd3e4 Ra8c8
28.Be4d5 Qf7f5
29.Qg4e2 e4
30.Qe2e3 Nc6a5
31.h3 Kh7
32.Qe3d4 Na5c6
33.Qd4e3 Nc6a5
34.Qe3d4 { draw }
1/2-1/2

[Event "Tourn. n9157"]
[Site "www.chess-mail.com"]
[Date "2017.03.10"]
[Round "1"]
[White "Picifarkinca"]
[Black "Forest"]
[WhiteElo "1630"]
[BlackElo "1760"]
[Result "1-0"]
[Round "1"]
1.e4 c5
2.a3 d6
3.d4 cxd4
4.Qd1xd4 Ng8f6
5.Nb1c3 Nb8c6
6.Qd4e3 g6
7.f4 Bf8g7
8.Ng1f3 O-O
9.Bc1d2 Bc8g4
10.O-O-O a6
11.Bf1e2 Ra8c8
12.h3 Bg4xf3
13.Be2xf3 Qd8c7
14.Kb1 b5
15.Bd2c1 Nc6a5
16.g4 Na5c4
17.Qe3f2 Nc4xa3
18.bxa3 Qc7xc3
19.Bc1b2 Qc3a5
20.h4 b4
21.Ka2 bxa3
22.Bb2a1 Rc8b8
23.Rd1b1 Qa5a4
24.Rb1b3 Rf8c8
25.Rb3xb8 Rc8xb8
26.Rh1b1 Qa4c4
27.Rb1b3 a5
28.Qf2e2 a4
{ time. }
1-0

[Event "Tourn. n9241"]
[Site "www.chess-mail.com"]
[Date "2017.03.10"]
[Round "1"]
[White "Libiesse"]
[Black "Julian"]
[WhiteElo "1830"]
[BlackElo "1930"]
[Result "1/2-1/2"]
[Round "1"]
1.d4 d5
2.c4 e6
3.Ng1f3 Ng8f6
4.cxd5 exd5
5.Nb1c3 Bf8b4
6.Bc1g5 O-O
7.a3 Bb4xc3
8.bxc3 Bc8f5
9.Bg5xf6 Qd8xf6
10.Nf3e5 c6
11.e3 Nb8d7
12.Ne5xd7 Bf5xd7
13.Bf1d3 Rf8e8
14.Ra1b1 { draw }
1/2-1/2

[Event "Tourn. n9211"]
[Site "www.chess-mail.com"]
[Date "2017.03.10"]
[Round "1"]
[White "Tartan"]
[Black "Pdebonis"]
[WhiteElo "2400"]
[BlackElo "2340"]
[Result "1/2-1/2"]
[Round "1"]
1.e4 e5
2.Ng1f3 Nb8c6
3.Bf1b5 a6
4.Bb5a4 Ng8f6
5.O-O Bf8e7
6.Rf1e1 b5
7.Ba4b3 d6
8.c3 O-O
9.h3 Nc6b8
10.d4 Nb8d7
11.Nb1d2 c5
12.Bb3c2 cxd4
13.cxd4 Bc8b7
14.Nd2f1 d5
15.exd5 exd4
16.Nf3xd4 Be7b4
17.Bc1d2 Nf6xd5
18.Bd2xb4 Nd5xb4
19.Nf1g3 g6
20.Bc2e4 Bb7xe4
21.Ng3xe4 Nd7e5
22.Ne4c5 Ne5d3
23.Nc5xd3 Qd8xd4
24.Nd3xb4 { draw }
1/2-1/2

[Event "Match"]
[Site "www.echecsemail.com"]
[Date "2017.03.10"]
[Round "1"]
[White "Pellix84"]
[Black "Sozaro"]
[WhiteElo "2070"]
[BlackElo "1699"]
[Result "0-1"]
[Round "1"]
1.d4 d5
2.Ng1f3 Bc8g4
3.e3 e6
4.Bf1e2 Nb8c6
5.O-O Bf8e7
6.Nb1d2 Ng8f6
7.h3 Bg4f5
8.c4 O-O
9.Qd1b3 Nc6a5
10.Qb3b5 c6
11.Qb5a4 Na5xc4
12.Nd2xc4 b5
13.Qa4d1 bxc4
14.Nf3e5 Be7d6
15.g4 Bf5g6
16.Bc1d2 Nf6e4
17.Bd2c3 Bd6xe5
18.dxe5 Qd8h4
19.Kg2 Ne4xc3
20.bxc3 Ra8b8
21.Qd1a4 Rb8b7
22.Qa4xc6 Bg6e4
23.f3 Rb7b2
24.Rf1f2 Be4xf3
25.Rf2xf3 Rb2xe2
26.Kf1 Re2h2
{ resign }
0-1

[Event "Match"]
[Site "www.echecsemail.com"]
[Date "2017.03.10"]
[Round "1"]
[White "Chessghuttlu"]
[Black "Mrmoto"]
[WhiteElo "1839"]
[BlackElo "1630"]
[Result "0-1"]
[Round "1"]
1.e4 e5
2.Ng1f3 Nb8c6
3.d4 exd4
4.Nf3xd4 Bf8c5
5.c3 Ng8f6
6.Bc1g5 Nc6xd4
7.cxd4 Bc5e7
 { time }
0-1

[Event "Match"]
[Site "www.echecsemail.com"]
[Date "2017.03.10"]
[Round "1"]
[White "Forest"]
[Black "Add"]
[WhiteElo "1930"]
[BlackElo "2150"]
[Result "0-1"]
[Round "1"]
1.e4 d6
2.d4 c6
3.Ng1f3 h6
4.Bf1c4 e6
5.O-O Ng8f6
6.Nb1c3 Nb8d7
7.Qd1e2 b5
8.Bc4d3 Bc8b7
9.a3 a6
10.h3 c5
11.dxc5 Nd7xc5
12.Bc1f4 e5
13.Bf4g3 Bf8e7
14.Ra1d1 O-O
15.Qe2e3 Nc5xd3
16.cxd3 Rf8e8
17.Rf1e1 Nf6h7
18.d4 f6
19.dxe5 Qd8c7
20.exd6 Be7xd6
21.Bg3xd6 Qc7f7
22.Bd6g3 Nh7f8
23.Nf3d4 { time. }
0-1

[Event "Match"]
[Site "www.echecsemail.com"]
[Date "2017.03.10"]
[Round "1"]
[White "Llcervello"]
[Black "Robinjut"]
[WhiteElo "1580"]
[BlackElo "1540"]
[Result "0-1"]
[Round "1"]
1.e4 e5
2.f3 Nb8c6
3.c3 a6
4.Ng1e2 h6
5.d3 Ng8f6
6.g4 Bf8e7
7.Qd1b3 d6
8.g5 Nf6h5
9.gxh6 gxh6
10.h3 Be7g5
11.Bc1xg5 Qd8xg5
12.Ne2g1 Qg5g3
13.Ke2 Nh5f4
14.Ke3 Qg3e1
15.Bf1e2 Nf4xe2
16.Ng1xe2 Qe1xh1
17.Qb3d5 Bc8xh3
18.a4 O-O-O
19.b4 Nc6e7
20.Qd5xf7 Ne7c6
21.b5 a5
22.bxc6 bxc6
23.Kd2 Rh8f8
24.Qf7h5 Qh1xf3
25.Qh5xh6 Bh3g4
26.Qh6e3 Qf3f2
27.Nb1a3 Qf2xe3
28.Kxe3 Rf8f3
29.Kd2 Rd8f8
30.Na3c4 Rf3f2
31.Ra1e1 Kb7
32.Nc4xa5 Ka6
33.Na5b3 Bg4xe2
34.Re1xe2 Rf2xe2
35.Kxe2 Rf8b8
36.Nb3d2 Rb8b2
37.Kd1 Rb2a2
38.c4 Ka5
39.c5 dxc5
40.Nd2c4 Kxa4
41.Nc4xe5 Kb5
42.Ne5c4 Ra2h2
43.e5 Kb4
44.Nc4e3 Kc3
45.e6 Kxd3
46.Ne3f1 Rh2e2
47.Nf1g3 Re2xe6
48.Ng3f5 c4
49.Kc1 c3
50.Nf5g7 Re6e1

0-1

[Event "Match"]
[Site "www.echecsemail.com"]
[Date "2017.03.10"]
[Round "1"]
[White "Luke1302"]
[Black "Azorau"]
[WhiteElo "1429"]
[BlackElo "1820"]
[Result "0-1"]
[Round "1"]
1.d4 e6
2.Qd1d2 d5
3.b3 Ng8f6
4.h3 a5
5.Bc1b2 Bf8b4
6.c3 Bb4e7
7.e3 Nf6e4
8.Qd2e2 Be7h4
9.Qe2b5 c6
10.Qb5a4 Ne4xf2
11.Rh1h2 Nf2d3
12.Ke2 Nd3xb2
13.Qa4a3 b6
14.Qa3xb2 Qd8f6
15.Qb2a3 Qf6f2
16.Kd3 Qf2xg1
17.Qa3d6 Qg1xf1
18.Kc2 Bh4e7
19.Qd6e5 f6
20.Qe5h5 g6
21.Qh5f3 Qf1xf3
22.gxf3 O-O
23.b4 axb4
24.cxb4 Be7xb4
25.a3 Nb8d7
26.a4 Bb4d6
{ resign }
0-1

[Event "Match"]
[Site "www.echecsemail.com"]
[Date "2017.03.10"]
[Round "1"]
[White "Manuelito"]
[Black "Forest"]
[WhiteElo "1660"]
[BlackElo "1760"]
[Result "1-0"]
[Round "1"]
1.d4 d5
2.Ng1f3 c6
3.e3 Bc8f5
4.Nb1c3 e6
5.Bf1e2 Ng8f6
6.O-O Bf8b4
7.Bc1d2 O-O
8.a3 Bb4xc3
9.Bd2xc3 Nf6e4
10.Bc3b4 Rf8e8
11.Nf3e5 a5
12.Bb4d2 Nb8d7
13.f4 f6
14.Ne5xd7 Qd8xd7
15.c4 Re8d8
16.cxd5 exd5
17.Be2f3 Ne4xd2
18.Qd1xd2 Rd8e8
19.Kf2 Bf5e4
20.Ra1c1 Be4xf3
21.Kxf3 Qd7e7
22.Rf1e1 Qe7e4
23.Kf2 Ra8d8
24.Rc1c5 Rd8a8
25.Rc5c2 a4
26.Re1e2 Ra8d8
27.Qd2b4 Rd8d7
28.Qb4xa4 Rd7e7
29.Qa4b3 Kh8
30.Rc2c3 Qe4e6
{ time. }
1-0

[Event "Match"]
[Site "www.echecsemail.com"]
[Date "2017.03.10"]
[Round "1"]
[White "Guidom"]
[Black "Sozaro"]
[WhiteElo "2090"]
[BlackElo "1699"]
[Result "0-1"]
[Round "1"]
1.e4 e5
2.Ng1f3 Nb8c6
3.Bf1b5 Ng8f6
4.O-O Bf8e7
5.d3 d6
6.Bc1g5 O-O
7.c3 a6
8.Bb5a4 b5
9.Ba4b3 Nc6a5
10.Bb3c2 c5
11.b4 cxb4
12.cxb4 Na5c6
13.a3 Bc8g4
14.Bg5e3 d5
15.h3 Bg4h5
16.exd5 Nf6xd5
17.Nb1d2 Ra8c8
18.Nd2e4 Nd5xe3
19.fxe3 Qd8b6
20.Qd1e2 Bh5xf3
21.Rf1xf3 Nc6d4
22.exd4 Qb6xd4
23.Kh2 Qd4xa1
24.Bc2b3 Qa1xa3
25.d4 Qa3xb4
26.dxe5 a5
27.e6 f5
28.Ne4g3 f4
29.Ng3h5 Rc8c5
30.Rf3d3 g6
31.Rd3d7 f3
32.Qe2b2 Rc5xh5
{ resign }
0-1

[Event "Match"]
[Site "www.echecsemail.com"]
[Date "2017.03.10"]
[Round "1"]
[White "Guidom"]
[Black "Battlechess"]
[WhiteElo "2080"]
[BlackElo "1490"]
[Result "1/2-1/2"]
[Round "1"]
1.e4 d5
2.exd5 Qd8xd5
3.Nb1c3 Qd5d6
4.Ng1f3 Ng8f6
5.d3 c6
6.Bf1e2 Bc8g4
7.O-O e6
8.Bc1g5 Bf8e7
9.Bg5xf6 Be7xf6
10.Nc3e4 Qd6e7
11.Ne4xf6 Qe7xf6
12.c3 O-O
13.d4 Nb8d7
14.Nf3e5 Nd7xe5
15.Be2xg4 Ne5xg4
16.Qd1xg4 Rf8e8
17.Rf1e1 Ra8d8
18.Re1e5 Rd8d5
19.Ra1e1 Rd5xe5
20.dxe5 Qf6g6
21.Qg4xg6 hxg6
22.Re1d1 Kf8
23.f4 Ke7
24.Kf2 Re8d8
25.Rd1xd8 Kxd8
26.Ke3 Kd7
27.h4 f6
28.Ke4 Kc7
29.g4 Kd7
30.c4 b6
31.b4 f5
32.gxf5 gxf5
33.Kd4 g6
34.a4 a6
35.a5 Kc7
{ draw }
1/2-1/2

[Event "Match"]
[Site "www.echecsemail.com"]
[Date "2017.03.10"]
[Round "1"]
[White "Sozaro"]
[Black "Pariolinius"]
[WhiteElo "1699"]
[BlackElo "2000"]
[Result "1-0"]
[Round "1"]
1.d4 d5
2.Ng1f3 Ng8f6
3.c4 e6
4.Nb1c3 Bf8b4
5.Bc1g5 Nb8d7
6.e3 O-O
7.Qd1c2 Nd7b6
8.c5 Nb6c4
9.Bf1xc4 dxc4
10.O-O c6
11.Nc3e4 h6
12.Ne4xf6 gxf6
13.Bg5xh6 Rf8e8
14.Qc2e4 f5
15.Qe4e5 f6
16.Qe5g3 { resign }
1-0

[Event "1/128 Finale"]
[Site "www.chess-mail.com"]
[Date "2017.03.10"]
[Round "1"]
[White "Cernunnoss"]
[Black "Julian"]
[WhiteElo "1820"]
[BlackElo "2000"]
[Result "1-0"]
[Round "1"]
1.e4 g6
2.d4 Bf8g7
3.Nb1c3 a6
4.f4 d6
5.Ng1f3 Bc8g4
6.Bc1e3 Nb8d7
7.h3 Bg4xf3
8.Qd1xf3 e5
9.dxe5 dxe5
10.O-O-O Qd8e7
11.Nc3d5 Qe7d6
12.Nd5b6 Qd6xd1
13.Qf3xd1 cxb6
14.Qd1f3 exf4
15.Be3xf4 Ng8e7
16.Bf1c4 O-O
17.Rh1d1 Nd7c5
18.Bf4d6 Ra8e8
19.Rd1f1 Nc5e6
20.Qf3b3 Ne6c5
21.Bd6xc5 bxc5
22.Rf1xf7 Kh8
23.Rf7xf8 Bg7xf8
24.Qb3xb7 Bf8h6
25.Kd1 Re8d8
26.Ke2 Rd8d2
27.Kf3 Rd2xc2
28.Qb7b8 Kg7
29.Qb8e5 Kf8
30.Qe5h8 Ne7g8
31.Qh8xg8 Ke7
32.Qg8xh7 { resign }
1-0

[Event "1/128 Finale"]
[Site "www.chess-mail.com"]
[Date "2017.03.10"]
[Round "1"]
[White "Corr"]
[Black "Autmich"]
[WhiteElo "1809"]
[BlackElo "1710"]
[Result "1-0"]
[Round "1"]
1.e4 c5
2.Ng1f3 d6
3.d4 cxd4
4.Nf3xd4 Ng8f6
5.Nb1c3 a6
6.Bf1c4 Nb8c6
7.O-O e5
8.Nd4xc6 bxc6
9.Bc1g5 Bf8e7
10.Qd1d2 { resign }
1-0

[Event "Tourn. n9212"]
[Site "www.chess-mail.com"]
[Date "2017.03.11"]
[Round "1"]
[White "Jjmcbride"]
[Black "Autmich"]
[WhiteElo "1630"]
[BlackElo "1690"]
[Result "0-1"]
[Round "1"]
1.e4 e5
2.Ng1f3 Nb8c6
3.Bf1b5 a6
4.Bb5xc6 dxc6
5.Nf3xe5 Qd8d4
6.Ne5xf7 Qd4xe4
7.Kf1 Kxf7
8.d3 Qe4g6
9.Qd1f3 Ng8f6
10.h3 Bf8d6
11.Nb1c3 Rh8f8
12.g4 Kg8
13.Qf3g2 Bc8e6
14.Nc3e2 Be6d5
15.f3 b5
16.Bc1f4 Ra8e8
17.Bf4d2 Nf6d7
18.Ne2d4 Nd7e5
19.Kf2 Bd6c5
20.Bd2e3 Bc5xd4
21.Be3xd4 Ne5xf3
22.Kg3 Nf3xd4
23.Qg2g1 Bd5xh1
24.Qg1xd4 Bh1d5
25.Kh2 Qg6d6
26.Kg1 Qd6g3

0-1

[Event "Tourn. n9196"]
[Site "www.chess-mail.com"]
[Date "2017.03.11"]
[Round "1"]
[White "Genius3"]
[Black "Malbertan"]
[WhiteElo "1910"]
[BlackElo "2060"]
[Result "0-1"]
[Round "1"]
1.e4 e5
2.Ng1f3 Nb8c6
3.Bf1b5 f5
4.d3 Ng8f6
5.Nb1c3 fxe4
6.dxe4 Bf8c5
7.O-O O-O
8.Bb5xc6 bxc6
9.Nf3xe5 Bc8a6
10.Rf1e1 Qd8e8
11.Ne5d3 Ba6xd3
12.cxd3 Qe8e5
13.Bc1e3 Bc5d6
14.f4 Qe5h5
15.Qd1xh5 Nf6xh5
16.g3 a5
17.e5 Bd6b4
18.Be3d2 g6
19.a3 Bb4e7
20.d4 Nh5g7
21.Nc3e4 Ng7f5
22.Bd2c3 d5
23.Ne4d2 c5
 { time }
0-1

[Event "Tourn. n9272"]
[Site "www.chess-mail.com"]
[Date "2017.03.11"]
[Round "1"]
[White "Chessghuttlu"]
[Black "Attatroll"]
[WhiteElo "1839"]
[BlackElo "1970"]
[Result "0-1"]
[Round "1"]
1.e4 d6
2.d4 Ng8f6
3.Nb1c3 g6
4.f4 Bf8g7
5.e5 dxe5
6.fxe5 Nf6d5
7.Nc3xd5 Qd8xd5
 { time }
0-1

[Event "Tourn. n9287"]
[Site "www.chess-mail.com"]
[Date "2017.03.11"]
[Round "1"]
[White "Francesco"]
[Black "Ffdd65"]
[WhiteElo "2040"]
[BlackElo "2110"]
[Result "1-0"]
[Round "1"]
1.e4 e5
2.Ng1f3 d6
3.d4 Bc8g4
4.dxe5 Bg4xf3
5.Qd1xf3 dxe5
6.Bf1c4 f6
7.Qf3b3 Nb8c6
8.Bc4f7 { resign }
1-0

[Event "Tourn. n9236"]
[Site "www.chess-mail.com"]
[Date "2017.03.11"]
[Round "1"]
[White "Bojan"]
[Black "Orhany24"]
[WhiteElo "2020"]
[BlackElo "2220"]
[Result "0-1"]
[Round "1"]
1.e4 e5
2.Ng1f3 Nb8c6
3.d4 exd4
4.Nf3xd4 d5
5.Nd4xc6 bxc6
6.e5 Bf8c5
7.f4 Ng8e7
8.Nb1c3 O-O
9.Qd1f3 f5
10.Nc3a4 Bc5b4
11.c3 Bb4a5
12.Bf1d3 Bc8e6
13.Na4c5 Qd8c8
14.Bc1d2 Ba5b6
15.Nc5xe6 Qc8xe6
16.h3 d4
17.c4 c5
18.g4 g6
19.gxf5 Ne7xf5
20.O-O-O a5
21.a4 Ra8b8
22.b3 c6
23.Bd3e4 Nf5e7
24.h4 Bb6c7
25.Qf3g3 Ne7f5
26.Qg3g2 Kg7
27.Kc2 d3
28.Be4xd3 Nf5d4
29.Kb2 Rb8xb3
30.Ka2 Rb3xd3
31.Rd1c1 Nd4b3
32.Rc1c2 Nb3xd2
33.Rh1d1 Rf8d8
34.f5 Qe6xf5
35.Qg2xc6 Qf5xe5
36.h5 Qe5d6
37.Qc6g2 Qd6g3
38.Qg2b7 Rd3a3
39.Kb2 Nd2xc4
40.Rc2xc4 Rd8xd1
41.Rc4xc5 Rd1d2
42.Rc5c2 Rd2xc2
43.Kxc2 Qg3c3
44.Kd1 Qc3f3
{ resign }
0-1

[Event "Tourn. n9147"]
[Site "www.chess-mail.com"]
[Date "2017.03.11"]
[Round "1"]
[White "Roque1"]
[Black "Genius3"]
[WhiteElo "1870"]
[BlackElo "1870"]
[Result "1-0"]
[Round "1"]
1.e4 d5
2.exd5 Qd8xd5
3.Nb1c3 Qd5d6
4.Bf1b5 c6
5.Bb5a4 Ng8f6
6.d3 Bc8g4
7.Ng1e2 g6
8.O-O Bf8g7
9.Bc1g5 Bg4xe2
10.Qd1xe2 O-O
11.Bg5xf6 Qd6xf6
12.Nc3e4 Qf6e6
13.Ba4b3 Qe6c8
14.c3 Nb8a6
15.d4 e6
16.f4 c5
17.d5 exd5
18.Bb3xd5 Na6c7
19.c4 Nc7xd5
20.cxd5 Rf8d8
21.d6 Qc8e6
22.Ra1d1 Bg7d4
23.Rd1xd4 cxd4
24.Qe2d3 Rd8xd6
25.Ne4xd6 Qe6xd6
26.g3  { time }
1-0

[Event "Tourn. n9263"]
[Site "www.chess-mail.com"]
[Date "2017.03.11"]
[Round "1"]
[White "Genius3"]
[Black "Leochessnut"]
[WhiteElo "1890"]
[BlackElo "1980"]
[Result "0-1"]
[Round "1"]
1.e4 e5
2.Ng1f3 Nb8c6
3.Bf1b5 a6
4.Bb5xc6 dxc6
5.d4 exd4
6.Qd1xd4 Qd8xd4
7.Nf3xd4 Bc8d7
 { time }
0-1

[Event "Tourn. n9086"]
[Site "www.chess-mail.com"]
[Date "2017.03.11"]
[Round "1"]
[White "Conde7"]
[Black "Seger"]
[WhiteElo "2890"]
[BlackElo "2820"]
[Result "1-0"]
[Round "1"]
1.e4 e5
2.Ng1f3 d6
3.d4 Ng8f6
4.dxe5 Nf6xe4
5.Qd1d5 Ne4c5
6.Bc1g5 Qd8d7
7.exd6 Bf8xd6
8.Nb1c3 O-O
9.O-O-O Nb8c6
10.Nc3b5 Nc6e7
11.Qd5c4 b6
12.Nf3e5 Qd7f5
13.Nb5xd6 Qf5xg5
14.f4 Qg5f6
15.Nd6xc8 Ra8xc8
16.g3 Ne7c6
17.Ne5g4 Qf6g6
18.Ng4f2 Rc8d8
19.Bf1g2 Nc6e7
20.Rh1e1 Ne7f5
21.b4 Nf5d6
22.Qc4c3 Nc5a4
23.Qc3c6 b5
24.Rd1d3 Rd8c8
25.Re1e7 h6
26.Re7xc7 Qg6e6
27.Nf2d1 Rc8xc7
28.Qc6xc7 Nd6c4
29.Bg2d5 Qe6f6
30.c3 Na4b6
31.Bd5xc4 Nb6xc4
32.Nd1b2 Qf6a6
33.Nb2xc4 bxc4
34.Rd3d8 Rf8xd8
35.Qc7xd8 Kh7
36.Qd8d2 Qa6c6
37.Qd2e2 Qc6d5
38.Qe2d1 Qd5e6
39.a4 g6
40.b5 Qe6e3
41.Kb2 a6
42.bxa6 Qe3b6
43.Ka2 Qb6f2
44.Ka1 Qf2e3
45.Qd1c2 Qe3b6
46.Qc2b1 Qb6xa6
47.Qb1b5 Qa6e6
48.Kb2 Qe6e2
49.Ka3 Qe2xh2
50.Qb5xc4 Kg8
51.a5 Qh2xg3
52.Qc4c8 Kh7
53.Qc8c7 Kg7
54.a6 Qg3g1
55.a7 Qg1a1
56.Kb3 Qa1b1
57.Kc4 Qb1a2
58.Kd3 { resign }
1-0

[Event "Tourn. n9213"]
[Site "www.chess-mail.com"]
[Date "2017.03.11"]
[Round "1"]
[White "Lucaschess"]
[Black "Genius3"]
[WhiteElo "1939"]
[BlackElo "1970"]
[Result "1-0"]
[Round "1"]
1.e4 c5
2.Nb1c3 Nb8c6
3.f4 d6
4.Ng1f3 Ng8f6
5.Bf1b5 Bc8d7
6.O-O g6
7.d3 Bf8g7
8.Qd1e1 a6
9.Bb5xc6 Bd7xc6
10.Qe1h4 h6
11.g4 Qd8c7
12.Bc1d2  { time }
1-0